Statistics for San Francisco Parks to Map

Click here to take the quiz!

General Stats

  • This quiz has been taken 10 times
  • The average score is 9 of 20

Answer Stats

Answer % Correct
Golden Gate Park
100%
Presidio, The
80%
Lands End
60%
Alamo Square
60%
Bernal Heights Park
60%
Mission Dolores Park
60%
Glen Canyon Park
40%
Mount Davidson Park
40%
Corona Heights Park
40%
Buena Vista Park
40%
Panhandle, The
40%
Lafayette Park
40%
Washington Square
40%
Pioneer Park
40%
Aquatic Park
40%
Grandview Park
20%
Pine Lake Park/
Stern Grove
20%
Heron's Head Park
20%
Bayview Park
20%
John McLaren Park
20%

Score Distribution

Percentile by Number Answered

Percent of People with Each Score

Your Score History

You have not taken this quiz